|
|
|
|
| LEADER |
00000cam a2200000 7i4500 |
| 001 |
0000002481 |
| 005 |
20030701.0 |
| 090 |
0 |
0 |
|a R THE634.98095951
|b MOH 2000
|
| 100 |
0 |
0 |
|a MOHD Yunus Zakaria
|
| 245 |
1 |
0 |
|a Modelling the growth of the logged over inland production forests of Peninsular Malaysia with forest management consideration
|c by Mohd Yunus Zakaria
|
| 260 |
0 |
0 |
|a Canada :
|b De Montfort University ,
|c 2000
|
| 300 |
|
|
|a xxv, 393 p. :
|b ill. ;
|c 30 cm.
|
| 500 |
0 |
0 |
|a Bibliography : p.259 - 284
|
| 500 |
0 |
0 |
|a Thesis (PhD) - De Montfort University
|
| 650 |
0 |
0 |
|a Forest productivity
|z Tropics
|x Mathematical models
|
| 650 |
0 |
0 |
|a Trees
|z Tropics
|x Growth
|x Computer simulation
|
| 998 |
|
|
|a JPSM
|
| 999 |
|
|
|a 0000004636
|b Thesis
|c Reference
|e Default branch
|